| 000 | 00629nam a2200181 4500 | ||
|---|---|---|---|
| 008 | 150911b xxu||||| |||| 00| 0 eng d | ||
| 020 | _a0673521419 | ||
| 050 | _aHG 173 .M632 1992 | ||
| 100 |
_aMishkin, Frederic S. _d1992. |
||
| 245 |
_aThe economics of money, Banking, and financial markets. _cFrederic S. Mishkin. |
||
| 250 | _a3rd ed. | ||
| 260 |
_aNew York; _bHarper Collins publishers, _c1992. |
||
| 300 |
_axxxvii, 739[79] p. : ill. _bIncludes bibliographical references and index. |
||
| 650 | _aFinance. | ||
| 650 | _aMoney. | ||
| 650 | _aBanks and banking. | ||
| 942 |
_2lcc _cBOOKS _hHG 173 .M632 1992 |
||
| 999 |
_c5466 _d5466 |
||